Southville International School and Colleges
Your cart is empty.
  • Cart
  • Lists
    Public lists Eva Luna New books Lux_list list_1
    Your lists Log in to create your own lists
  • Log in to your account
  • Your cookies
  • Search history
Southville International School and Colleges
  • Advanced search
  • Recent comments
  • Most popular
  • Libraries

Log in to your account

Log in with GOOGLE


If you do not have an external account, but do have a local account, you can still log in:

  1. Home
  2. MARC view: Compliance with goodwill-related mandatory disclosure requirements and the cost of equity capital
Normal view MARC view ISBD view

Compliance with goodwill-related mandatory disclosure requirements and the cost of equity capital (Record no. 329467)

[ view plain ]
MARC details
000 -LEADER
fixed length control field 00626nam a2200181Ia 4500
008 - FIXED-LENGTH DATA ELEMENTS--GENERAL INFORMATION
fixed length control field 170419s9999 xx 000 0 und d
100 ## - MAIN ENTRY--PERSONAL NAME
Personal name Mazzi, Francesco.
245 ## - TITLE STATEMENT
Title Compliance with goodwill-related mandatory disclosure requirements and the cost of equity capital
245 ## - TITLE STATEMENT
Statement of responsibility, etc Francesco Mazzi, Paul André, Dionysia Dionysiou & Ioannis Tsalavoutas.
260 ## - PUBLICATION, DISTRIBUTION, ETC. (IMPRINT)
Name of publisher, distributor, etc Routledge: Taylor & Francis Group
260 ## - PUBLICATION, DISTRIBUTION, ETC. (IMPRINT)
Date of publication, distribution, etc 2017
300 ## - PHYSICAL DESCRIPTION
Extent April
440 ## - SERIES STATEMENT/ADDED ENTRY--TITLE
Title Accounting and Business Research
Volume number/sequential designation 14:3
650 ## - SUBJECT ADDED ENTRY--TOPICAL TERM
Topical term or geographic name as entry element ACCOUNTING DISCOSURE
650 ## - SUBJECT ADDED ENTRY--TOPICAL TERM
Topical term or geographic name as entry element COMPLIANCE
650 ## - SUBJECT ADDED ENTRY--TOPICAL TERM
Topical term or geographic name as entry element COST OF EQUITY CAPITAL
650 ## - SUBJECT ADDED ENTRY--TOPICAL TERM
Topical term or geographic name as entry element GOODWILL
Holdings
Withdrawn status Lost status Damaged status Home library Current library Date acquired Total Checkouts Date last seen Price effective from Koha item type
      College Library College Library 04/19/2017   04/19/2017 04/19/2017 Periodicals

Compliance with goodwill-related mandatory disclosure requirements and the cost of equity capital

APA

Mazzi F., .Compliance with goodwill-related mandatory disclosure requirements and the cost of equity capital. : Routledge: Taylor & Francis Group.

Chicago

Mazzi Francesco, .Compliance with goodwill-related mandatory disclosure requirements and the cost of equity capital. : Routledge: Taylor & Francis Group.

Harvard

Mazzi F., .Compliance with goodwill-related mandatory disclosure requirements and the cost of equity capital. : Routledge: Taylor & Francis Group.

MLA

Mazzi Francesco, .: Routledge: Taylor & Francis Group. .

  • Place hold
  • Print
  • Cite
  • Add to your cart (remove)
  • Save record
    BIBTEX Dublin Core MARCXML MARC (non-Unicode/MARC-8) MARC (Unicode/UTF-8) MARC (Unicode/UTF-8, Standard) MODS (XML) RIS
  • More searches
    Search for this title in:
    Other Libraries (WorldCat) Other Databases (Google Scholar) Online Stores (Bookfinder.com) Open Library (openlibrary.org)

Exporting to Dublin Core...

SOUTHVILLE LIBRARY

Southville International School and Colleges Library

1281 Tropical Ave. Cor. Luxembourg St., BF Homes International, Las Pinas City

Tel. No. 8256374 / 252358 Loc. 117/146

Powered by Koha